Catálogo de la Biblioteca Horacio González - Universidad Nacional de General Sarmiento

El secreto de sus ojos (Registro nro. 2739)

Detalles MARC
000 -CABECERA
campo de control de longitud fija 01937nam a22002890a 4500
001 - NÚMERO DE CONTROL
campo de control PT35581
003 - IDENTIFICADOR DEL NÚMERO DE CONTROL
campo de control AR-LpoUNG
005 - FECHA Y HORA DE LA ÚLTIMA TRANSACCIÓN
campo de control 20210131230317.0
008 - DATOS DE LONGITUD FIJA--INFORMACIÓN GENERAL
campo de control de longitud fija 191001s2009||||ag |||||||||||||||||spa d
037 ## - FUENTE DE ADQUISICIÓN
Condiciones de disponibilidad $7.48
040 ## - FUENTE DE LA CATALOGACIÓN
Centro catalogador/agencia de origen AR-LpoUNG
Lengua de catalogación spa
Centro/agencia transcriptor AR-LpoUNG
Normas de descripción aacr
041 ## - CÓDIGO DE LENGUA
Código de lengua del texto/banda sonora o título independiente spa
044 ## - CÓDIGO DEL PAÍS DE LA ENTIDAD EDITORA/PRODUCTORA
Código MARC del país ag
082 0# - NÚMERO DE LA CLASIFICACIÓN DECIMAL DEWEY
Número de clasificación 982.065 186sec
100 1# - ENTRADA PRINCIPAL--NOMBRE DE PERSONA
Nombre de persona Campanella, Juan José
Término indicativo de función/relación dir.
245 13 - MENCIÓN DE TÍTULO
Título El secreto de sus ojos
260 ## - PUBLICACIÓN, DISTRIBUCIÓN, ETC.
Lugar de publicación, distribución, etc. Buenos Aires :
Nombre del editor, distribuidor, etc. Haddock - Tornasol - Telefé,
Fecha de publicación, distribución, etc. 2009.
505 0# - NOTA DE CONTENIDO CON FORMATO
Nota de contenido con formato Guión: Juan José Campanella y Eduardo Sacheri. Elenco: Soledad Villamil, Ricardo Darín, Pablo Rago, Guillermo Francella.
520 ## - SUMARIO, ETC.
Sumario, etc. Benjamín Chaparro acaba de jubilarse después de trabajar toda una vida como empleado en un Juzgado Penal. Para ocupar su tiempo libre decide escribir una novela, basada en una historia real de la que ha sido testigo y protagonista. La novela que escribe es, en apariencia, la historia de un asesinato ocurrido en Buenos Aires en 1974, y de la investigación para hallar al culpable. Pero una vez abierta la puerta de ese pasado al propio Chaparro se le volverá imposible cerrarla. Primero, porque la turbulenta Argentina de entonces se cuela en la vida de los personajes, con su carga de violencia y de muerte. Y, sobre todo porque aunque Chaparro suponga que la historia que teje habla únicamente del pasado, su búsqueda ilumina de un modo descarnado su propia vida y su presente, y lo pone de frente con un dilema de amor que lo obsesiona desde hace demasiado tiempo. Reconstruir el pasado lo conducirá a bucear en sus propios sentimientos, sus propias conductas y decisiones. Y hallar la verdad terminará por convertirse no en un objetivo literario, sino en la llave que le permita abrir la puerta para vivir el resto de su vida.
650 #4 - PUNTO DE ACCESO ADICIONAL DE MATERIA--TÉRMINO DE MATERIA
Término de materia o nombre geográfico como elemento de entrada ARGENTINA
651 #4 - PUNTO DE ACCESO ADICIONAL DE MATERIA--NOMBRE GEOGRÁFICO
Nombre geográfico Argentina
653 ## - TÉRMINO DE INDIZACIÓN--NO CONTROLADO
Término no controlado CINE ARGENTINO
653 ## - TÉRMINO DE INDIZACIÓN--NO CONTROLADO
Término no controlado DVD
653 ## - TÉRMINO DE INDIZACIÓN--NO CONTROLADO
Término no controlado VIDEOS
905 ## - ELEMENTOS DE DATOS E LOCAL, LDE (RLIN)
a 35581
942 ## - ELEMENTOS DE PUNTO DE ACCESO ADICIONAL (KOHA)
Tipo de ítem Koha DVD
Existencias
Estado de retiro Estado de pérdida Estado dañado No para préstamo Código de colección Localización permanente Ubicación/localización actual Fecha de adquisición Total de préstamos Signatura topográfica completa Código de barras Fecha visto por última vez Precio válido a partir de Tipo de ítem Koha
        Colección Cine Biblioteca Universidad Nacional de General Sarmiento Biblioteca Universidad Nacional de General Sarmiento 31/01/2021   982.065 186sec 00042614 31/01/2021 31/01/2021 DVD
        Colección Cine Biblioteca Universidad Nacional de General Sarmiento Biblioteca Universidad Nacional de General Sarmiento 31/01/2021   982.065 186sec 00042615 31/01/2021 31/01/2021 DVD
        Colección Cine Biblioteca Universidad Nacional de General Sarmiento Biblioteca Universidad Nacional de General Sarmiento 31/01/2021   982.065 186sec 00042616 31/01/2021 31/01/2021 DVD
        Colección Cine Biblioteca Universidad Nacional de General Sarmiento Biblioteca Universidad Nacional de General Sarmiento 31/01/2021   982.065 186sec 00050121 31/01/2021 31/01/2021 DVD